01798 2200253 4500001002100000005001500021035002000036007000300056008004100059020001800100082001100118084001700129100002900146245009100175300003800266650001600304700002800320520107400348264003201422336002101454337003001475338002301505990001601528INLIS00000000000000120260410101451 a0010-0326000001ta260410 e 1 eng  a9781526662279 a895.73 a895.73 HWA w aHwang Bo-ReumePengarang1 aWelcome to the Hyunam-Dong bookshop /cPenulis, Hwang Bo-Reum ; Penerjemah, Shanna Tan a301 halaman :bilustrasi ;c20 cm 4aFiksi Korea0 aTan, ShannaePenerjemah aYeongju is burned out. With her high-flying career, demanding marriage, and bustling life in Seoul, she knows she should feel successful—but all she feels is drained. Haunted by an abandoned dream, she takes a leap of faith and leaves her old life behind. Quitting her job and divorcing her husband, Yeongju moves to a quiet residential neighborhood outside the city and opens the Hyunam-dong Bookshop. The transition isn’t easy. For months, all Yeongju can do is cry. But as the long hours in the shop stretch on, she begins to reflect on what makes a good bookseller and a meaningful store. She throws herself into reading voraciously, hosting author events, and crafting her own philosophy on bookselling. Gradually, Yeongju finds her footing in her new surroundings. Surrounded by friends, writers, and the books that bind them, Yeongju begins to write a new chapter in her life. The Hyunam-dong Bookshop evolves into a warm, welcoming haven for lost souls—a place to rest, heal, and remember that it’s never too late to scrap the plot and start over. aDublin :bBloomsbury,c2023 2rdacontentaTeks 2rdamediaaTanpa Perantara 2rdacarrieraVolume aPP000001/25